000 00599nam a22001937a 4500
999 _c330491
_d330491
003 NUST
005 20170718121544.0
008 170717b xxu||||| |||| 00| 0 eng d
020 _a9788183562775
040 _c0
082 _a620.5 ARO
100 _aArora,M.P.
_93291
245 _aUnderstanding Nanotechnology:
_cM.P.Arora
_bEncyclopedia of Nanotechnology-1
260 _aNew Delhi
_bDiscovery Publishing House
_c2008
300 _a323p.
500 _aH.B
942 _2ddc
_cBK
_kIESE